| 000 | 00656nam a2200217 u 4500 | ||
|---|---|---|---|
| 005 | 20230623063613.0 | ||
| 008 | 170208s2007 mx r 000 0 spa d | ||
| 020 | _a9789700775838 | ||
| 035 | _aUPN01000215850 | ||
| 049 | _aI | ||
| 050 | 4 |
_aPQ7298.28 U2.4 _bA7.2 |
|
| 100 | 1 |
_aRubinstein, Becky, _d1948- _933159 |
|
| 245 | 1 | 3 |
_aUn árbol gatológico / _cBecky Rubenstein F. ; il. Gabriela Quintana. |
| 260 |
_aMéxico : _bPorrúa, _c2007. |
||
| 300 | _a78 p. | ||
| 440 | 0 |
_aGusano de luz. _pPorrúa infantil |
|
| 650 | 4 |
_aCuentos infantiles mexicanos _97723 |
|
| 650 | 0 |
_aAnimales _vCuentos y leyendas _9234 |
|
| 905 | _aInfantil | ||
| 999 |
_c187950 _d187950 |
||